000 005840000a22001930004500
003 LK-CoMWRAF
008 230817t ||||| |||| 00| 0 eng d
040 _aLK-CoMWRAF
_dLK-CoMWRAF
_eLK-CoMWRAF
041 _aeng
082 _a180
_bFER
100 _aFernando, Mervyn
245 _aPierre Teilhard de Chardin
_bAn outline of his thought on man: HIs History and his Future
260 _bIntegral Publications
_aSri Lanka (Piliyandala)
_c1981
300 _ap.12
650 _aComplexity-Consciousness
650 _aEvolution in the Noosphere
650 _aOmega Point
942 _cBK
999 _c2081
_d2081